000 00760nam a22002297a 4500
005 20170124110012.0
010 _aA-729052
020 _c350.00
_a817007200
035 _aA-729052
037 _bCen Lib/Ret
040 _aDPL
_bEN
082 _a338.14
_bTAP
100 _aTapeshwar Singh
_918018
245 _aDrought disaster and agricultural development in india /
_cby Tapeshwar Singh
260 _aNew Delhi
_bPeople's Publishing House
_c1995
270 _a5-E, rani jhansi road
_bNew Delhi
_e110055
300 _axii, 228p.
_c20cm(Hb)
500 _aIncludes bibliographical references and index
650 _aNatural disaster
_zIndia
_918019
650 _aAgricultural development
_989737
942 _2ddc
_cEN
_h338.14
_mTAP
999 _c126627
_d126627